000 01016nam a22003137a 4500
003 CHAP
005 20220329134032.0
008 971013s1985 r 00010 d
010 _a14426
011 _a15398
035 _a19474
040 _cCHAP
082 _a539.12
_bG6
100 0 0 _aGonzález Ureña, A.
_949466
245 _aCinética y dinámica molecular de las reacciones químicas elementales
260 _aMéxico, D.F. :
_bAlhambra,
_c1985
300 _a357 p.
_b: ilus
590 _aBATCH-UPD
_b10
_c20130110
_lUCH01
_h0029
590 _aBATCH-UPD
_b10
_c20130110
_lUCH01
_h1914
590 _aBATCH-UPD
_b10
_c20130409
_lUCH01
_h2011
590 _aBATCH-UPD
_b10
_c20130410
_lUCH01
_h1240
590 _aBATCH-UPD
_b10
_c20130914
_lUCH01
_h1204
590 _aCONVERSION
_b10
_c20130109
_lUCH01
_h1309
650 1 4 _aDinámica molecular.
_932630
650 1 4 _aQuímica
_xReacciones.
_993572
901 _aBK
942 _cLIBRO
949 _a539.12 G6
_bBC
_cLIBRO
_d33724000399820
_eLIBRO
_gI.145922
_h75476
_i19474
_si
999 _c14426
_d14426